Използуване на йонизиращите лъчения в генетиката и селекцията на растенията (Запис номер 57634)
[ съкратено ]
| 000 -Лидер | |
|---|---|
| Контролно поле с фиксирана дължина | 01724nam a2200373 c 4500 |
| 003 - Код на организацията, давaща контролен номер | |
| Контролно поле | BLK |
| 005 - Дата и час на последна редакция | |
| Контролно поле | 20220627141340.0 |
| 008 - Елементи от данни с фиксирана дължина | |
| fixed length control field | 180408b bul|||||r ||||||| ||bul|| |
| 010 ## - Наследен системен номер | |
| LC control number | KNG00061640000 |
| 040 ## - Източник на каталожния запис | |
| Идентификатор на билиотеката - собственик на записа | BLK |
| 041 ## - Код за език | |
| Код за езика на текст/звукозапис или на отделно заглавие | Български |
| Код за езика КДБФ | Български |
| 080 ## - УДК | |
| Текстов определител УДК | Подобряване на растенията. Приложна генетика. Селекция |
| УДК код - определител по УДК | 631.52 |
| УДК - код + определител | 631.52 |
| 100 1# - Редна дума - Автор | |
| Автор | Стоилов, Манол |
| Авторска отговорност | първи автор |
| R(LIN) | 274914 |
| 139 ## - Редно поле | |
| Редна дума | Стоилов, Манол и др. |
| Авторски знак | Стоил - С 79 |
| 245 10 - Сведения за заглавието | |
| Заглавие | Използуване на йонизиращите лъчения в генетиката и селекцията на растенията |
| Подзаглавни данни | Изследване |
| Редно поле (дума) | Манол Стоилов; съавт. Костадин Филев; отг. ред. Генчо Генчев. |
| 257 ## - Страна на издаване | |
| Страна на създаване/издаване | България |
| 260 ## - Област на издателските данни | |
| Име на издателя, разпространителя и проч. | БАН |
| Година на издаване | 1971 |
| 300 ## - Физическа характеристика | |
| Страници | 152 с. |
| Размери/Мащаб | 22 см |
| 380 ## - Жанр | |
| Жанр | Селско стопанство |
| 500 ## - Общи забележки | |
| Забележка | Библиогр. с. 141-149. |
| 650 #4 - Допълнително описание по предмет – тема | |
| Основно описание – тема или топоним | Йонизиращи излъчвания - приложение в растениевъдството |
| 9 (RLIN) | 287748 |
| 650 #4 - Допълнително описание по предмет – тема | |
| Основно описание – тема или топоним | Селскостопански култури - генетика и селекция |
| 9 (RLIN) | 286925 |
| 653 ## - Ключова дума – ненормативна | |
| Ключова дума | йонизиращи излъчвания |
| 653 ## - Ключова дума – ненормативна | |
| Ключова дума | селско стопанство |
| 700 1# - Други автори (авторска отговорност) | |
| Лично име | Филев, Костадин |
| Автороска отговорност (Описва отношението между автора и произведението) | съавт. |
| 9 (RLIN) | 287746 |
| 700 1# - Други автори (авторска отговорност) | |
| Лично име | Генчев, Генчо |
| Автороска отговорност (Описва отношението между автора и произведението) | отг. ред. |
| 9 (RLIN) | 287747 |
| 852 ## - Местоположение | |
| Форматна сигнатура | Цб 60254 |
| Фондова буква | Хранилище |
| 999 ## - СИСТЕМНИ КОНТРОЛНИ НОМЕРА | |
| Koha biblionumber | 57634 |
| Koha biblioitemnumber | 57634 |
| 942 ## - АРТИКУЛИ | |
| Вид на библиотечния материал | Книги |
| Скрит в OPAC | Не |
| Периодичен библиозапис | Да |
| Код за отписване | Код за изгубен артикул | Източник на класификационната схема | Код за повреда | Коз за рестрикции | Код за отдаване | Артикулен № | Име на библиотеката - собственик | Име на библиотеката, в която се намира в момента | Статус (Текущо местоположение) | Дата на вписване в системата | Местоположение - отдел | Цена в лева | Инвентарен номер | Систематично азбучна сигнатура | Баркод | Номер на екземпляра | Цена в евро | Служебна бележка | Служебен тип на артикула |
|---|---|---|---|---|---|---|---|---|---|---|---|---|---|---|---|---|---|---|---|
| Изтеглен | Не е изгубен | Universal Decimal Classification | Не е повреден | без рестрикции | ползва се в читалня | 93758 | Регионална библиотека "Любен Каравелов" Русе | Регионална библиотека "Любен Каравелов" Русе | Читалня | 1993-01-01 | Читалня | 1.31 | 104375 | Ч 631.5/С79М | 104375 | 1 | 0.67 | Дата инв: 20.03.2017 Бележки инв: Ч2017 | Книги |
| Не е изгубен | Universal Decimal Classification | Не е повреден | без рестрикции | ползва се в читалня | 93759 | Регионална библиотека "Любен Каравелов" Русе | Регионална библиотека "Любен Каравелов" Русе | Хранилище | 1971-01-01 | Хранилище | 0.00 | 104151 | Цб 60254 | 120000104151 | 2 | 0.00 | Дост: Dp Вид: Д N: стар фонд Дата: 01.01.1971 | Книги |